| 000 | 00660nam a2200121Ia 4500 | ||
|---|---|---|---|
| 008 | 220615s9999||||xx |||||||||||||| ||und|| | ||
| 245 | 0 |
_aInnovative Models to Revive the Global Economy _bProceedings of the 3rd International Conference on Economics and Social Sciences |
|
| 546 | _aEnglish[eng] | ||
| 650 | _aBusiness and Economics, Business Management, Management Accounting, Financial Controlling, Cost Calculation, Investment, Business Development, Change Management, Cooperation, Industries, Public Sector, Public Private Partnerships, Public Administration | ||
| 700 | _aDima, Alina Mihaela | ||
| 856 | _uhttps://doi.org/10.2478/9788395815072 | ||
| 942 | _cEB | ||
| 999 |
_c15636 _d15636 |
||